[Event "CZE-ch U16"]
[Site "Harrachov"]
[Date "2024.10.30"]
[Round "6"]
[White "Roessler, Erik"]
[Black "Bubela, Alexander Georg"]
[Result "0-1"]
[WhiteElo "1927"]
[BlackElo "1738"]
[PlyCount "78"]
[EventDate "2024.10.26"]
[EventType "swiss"]
[EventRounds "9"]
[EventCountry "CZE"]
[SourceTitle "CB45_2024"]
[Source "ChessBase"]
[SourceDate "2024.11.06"]
[SourceVersion "1"]
[SourceVersionDate "2024.11.06"]
[SourceQuality "1"]

1. e4 e6 2. d4 d5 3. Nc3 Nf6 4. Bg5 dxe4 5. Nxe4 Be7 6. Nxf6+ Bxf6 7. Bxf6 Qxf6 8. Nf3 Nd7 9. Bd3 0-0 10. 0-0 c5 11. c3 cxd4 12. Nxd4 Ne5 13. Bc2 Ng6 14. Qe2 Bd7 15. Be4 e5 16. Nc2 Nf4 17. Qf3 Qg5 18. Ne3 f5 19. Bd5+ Kh8 20. Kh1 e4 21. Qg3 Qxg3 22. hxg3 Nxd5 23. Nxd5 Rad8 24. Rfd1 Bb5 25. Nf4 Rfe8 26. Rd5 Rxd5 27. Nxd5 Rd8 28. Ne3 Rd2 29. Rd1 Rxd1+ 30. Nxd1 g5 31. Ne3 Bd7 32. Kg1 Be6 33. c4 f4 34. gxf4 gxf4 35. Nd5 Bxd5 36. cxd5 Kg7 37. Kh2 Kf6 38. Kh3 Ke5 39. Kg4 h5+ 0-1